01565agaaa2200277 45000010005000000030009000050050017000140070009000310080040000400400023000800410013001031000048001161300060001642450184002242500022004082600095004303000033005255080055005585200377006135380016009905460013010066500072010197000067010917000060011587000069012183529IT-RoPAU20220918181256.0d cvaizq50131s9999||||xx ||| | || ||und|| aIT-RoPAUcIT-RoPAU aITALIANO aCarlesi EnricogCodice regista SPICS: 44633 aGIOVANI IN RITIRO (I) - 4 - EUCARISTIA PANE DA SPEZZARE aGIOVANI IN RITIRO (I) - 4 - EUCARISTIA PANE DA SPEZZAREcDiretto da: Carlesi EnricopGIOVANI IN RITIRO (I) - 4 - EUCARISTIA PANE DA SPEZZARE (Rif. Codice opera principale : D3529) aEdizione Standard aMILANO (ITALIA)bAUDIOVISIVI SAN PAOLO / g"1995 (1° ed.: 1995 ; Ed. Lingua Orig.: 1995)" aVHSbsonoro, col.c25 minuti aSoggetto: Antonioli Francesco -- Didiodato Roberto aRIFLESSIONE SUL SACRAMENTO DELL'EUCARESTIA SULLA CENTRALITA' NELLA VITA DEI CRISTIANI. IN UNA SORTA DI CONFRONTO A DISTANZA IL PROGRAMMA PRESENTA LE TESTIMONIANZE DI ERNESTO OLIVERO ANIMATORE E FONDATORE DEL SERMIG, DI SUOR GIULIANA GALLI RESPONSABILE DEL VOLONTARIATO FEMMINILE ALLA PICCOLA CASA DELLA DIVINA PROVVIDENZA DI TORINO E DEL GESUITA GENOVESE ALBERTO REMONDINI aPAL, STEREO aITALIANO aRELIGIOSOeTV-PROGRAMMI RELIGIOSI [VHS]xCodice MATERIA SPICS: 9963 aAntonioli Francesco e(soggetto)gCodice Soggetto SPICS: 44634 aCarlesi Enrico e(regista)gCodice regista SPICS: 44633 aDidiodato Roberto e(soggetto)gCodice Soggetto 2° SPICS: 34135